The day the women got the vote : (Record no. 5687)
[ view plain ]
| 000 -LEADER | |
|---|---|
| fixed length control field | 01102nam a22002777a 4500 |
| 001 - CONTROL NUMBER | |
| control field | 5687 |
| 003 - CONTROL NUMBER IDENTIFIER | |
| control field | FISKH |
| 005 - DATE AND TIME OF LATEST TRANSACTION | |
| control field | 20250114090215.0 |
| 008 - FIXED-LENGTH DATA ELEMENTS--GENERAL INFORMATION | |
| fixed length control field | 250114b cb ||||| |||| 00| 0 eng d |
| 020 ## - INTERNATIONAL STANDARD BOOK NUMBER | |
| International Standard Book Number | 9780590475600 |
| 040 ## - CATALOGING SOURCE | |
| Original cataloging agency | FISKH |
| Language of cataloging | eng |
| Transcribing agency | FISKH |
| Modifying agency | FISKH |
| 050 ## - LIBRARY OF CONGRESS CALL NUMBER | |
| Classification number | HQ1236.U6 |
| 082 ## - DEWEY DECIMAL CLASSIFICATION NUMBER | |
| Classification number | 305.420973 |
| 100 ## - MAIN ENTRY--PERSONAL NAME | |
| Personal name | Sullivan, George |
| 245 ## - TITLE STATEMENT | |
| Title | The day the women got the vote : |
| Remainder of title | A photo history of the women's rights movement / |
| Statement of responsibility, etc. | by George Sullivan |
| 250 ## - EDITION STATEMENT | |
| Edition statement | First Scholastic printing, March 1994 |
| 260 ## - PUBLICATION, DISTRIBUTION, ETC. | |
| Place of publication, distribution, etc. | New York : |
| Name of publisher, distributor, etc. | Scholatic ; |
| Date of publication, distribution, etc. | 1994 . |
| 300 ## - PHYSICAL DESCRIPTION | |
| Extent | 96 pages : |
| Other physical details | illustrations ; |
| Dimensions | 26 cm . |
| 505 ## - FORMATTED CONTENTS NOTE | |
| Formatted contents note | Z <br/> |
| 520 ## - SUMMARY, ETC. | |
| Summary, etc. | While that day in November in 1920 when women were allowed to vote in the United States was a landmark event in American history, it represents only a portion of the long and bitter struggle by women to win equal rights in all things, not just voting. Includes portraits and period photographs. |
| 521 8# - TARGET AUDIENCE NOTE | |
| Target audience note | 1130 <br/> |
| Source | Lexile <br/> |
| 521 8# - TARGET AUDIENCE NOTE | |
| Target audience note | Z <br/> |
| Source | Raz-Plus <br/> |
| 650 ## - SUBJECT ADDED ENTRY--TOPICAL TERM | |
| Topical term or geographic name entry element | women's rights |
| Form subdivision | non-fiction |
| 942 ## - ADDED ENTRY ELEMENTS (KOHA) | |
| Source of classification or shelving scheme | Dewey Decimal Classification |
| Koha item type | Books |
| Suppress in OPAC | No |
| Withdrawn status | Lost status | Source of classification or shelving scheme | Damaged status | Not for loan | Collection | Home library | Current library | Shelving location | Date acquired | Total Checkouts | Full call number | Barcode | Date last seen | Copy number | Price effective from | Koha item type |
|---|---|---|---|---|---|---|---|---|---|---|---|---|---|---|---|---|
| Dewey Decimal Classification | Non-Fiction | Footprints International School Library Network Toul Tom Poung Campus | Footprints International School Library Network Toul Tom Poung Campus | TTP Secondary Non-Fiction Bookshelves | 01/14/2025 | SUL 305.420973 HQ1236.U6 | FISSE01206 | 01/14/2025 | 1 | 01/14/2025 | Books | |||||
| Dewey Decimal Classification | Non-Fiction | Footprints International School Library Network Toul Tom Poung Campus | Footprints International School Library Network Toul Tom Poung Campus | TTP Secondary Non-Fiction Bookshelves | 03/24/2025 | SUL 305.420973 HQ1236.U6 | FIS01429 | 03/24/2025 | 2 | 03/24/2025 | Books | |||||
| Dewey Decimal Classification | Non-Fiction | Footprints International School Library Network Toul Tom Poung Campus | Footprints International School Library Network Toul Tom Poung Campus | TTP Secondary Non-Fiction Bookshelves | 04/22/2025 | SUL 305.420973 HQ1236.U6 | FIS04580 | 04/22/2025 | 3 | 04/22/2025 | Books |
